000 00358cam a22001337a 4500
008 180718b1949 xxu||||| |||| 00| 0 eng d
082 _aK95 B815
100 _aBrown, William
245 _aOxford essays on psychology
_cby William Brown
260 _aLondon
_bHeinemann
_c1949
300 _a148p.
500 _aFirst pub. 1948, Rs.10.00
650 _aPsychology
999 _c361235
_d361235